Los polos /

Guardat en:
Dades bibliogràfiques
Autor principal: Ley, Willy (autor)
Format: Llibre
Idioma:espanyol
Publicat: México : Time-Life, 1963, c1962
Col·lecció:(Colección de la Naturaleza de Time-Life)
Matèries:
Etiquetes: Afegir etiqueta
Sense etiquetes, Sigues el primer a etiquetar aquest registre!

MARC

LEADER 00000nam^a2200000^a^4500
001 000277080
005 20250521000000.0
009 20260310111323.112
037 |a Acervo ITESO - Biblioteca 
041 |a ESP 
082 |a 500.  |b NAT V. 7 
100 |a Ley, Willy  |e (autor) 
245 1 3 |a Los polos /  |c W. Ley ; introd. de Albert P. Crary. 
264 4 |a México :  |b Time-Life,  |c 1963, c1962 
300 |a 192 p. 
336 |a texto  |b txt  |2 rdacontenido 
337 |a sin mediación  |b n  |2 rdamedio 
338 |a volumen  |b nc  |2 rdasoporte 
440 1 |a (Colección de la Naturaleza de Time-Life) 
649 |a XX 
650 |a Glaciares 
650 |a Viajes y Travesías 
650 |a Expediciones Científicas 
650 |a Regiones Polares -  |x Tema Principal 
650 |a Ambientes Extremos 
650 |a Ciencias de la Tierra -  |x Generalidades 
910 |a Fondo General 
920 |a Impresos - Libros 
930 |a Obras de Referencia 
905 |a 102 
901 |a 0500162037  |b IT2  |c REF  |u 20250521 
902 |a https://opac.biblio.iteso.mx/vufind/Record/000277080